Normal view
MARC view
- إعداد الخروصي، أحمد بن سالم بن موسى
Entry Personal Name
001 - CONTROL NUMBER
- control field: 45124
003 - CONTROL NUMBER IDENTIFIER
- control field: JO-AjAnu
005 - DATE AND TIME OF LATEST TRANSACTION
- control field: 20230606081451.0
008 - FIXED-LENGTH DATA ELEMENTS
- fixed length control field: 230606|| aca||aabn | a|a d
040 ## - CATALOGING SOURCE
- Original cataloging agency: JO-AjAnu
- Transcribing agency: JO-AjAnu
100 ## - HEADING--PERSONAL NAME
- Personal name: إعداد الخروصي، أحمد بن سالم بن موسى
670 ## - SOURCE DATA FOUND
- Source citation: Work cat.: (JO-AjAnu)23105: إعداد الخروصي، أحمد بن سالم بن موسى, author, استقلال السنة بالتشريع عند الإباضية دراسة تأصيلية